000 00758nam a2200205 u 4500
005 20210223132047.0
008 130416s2008 mx r 000 0 spa d
035 _aUPN01000190618
049 _aCG
050 4 _aLC5309 U5.9
_bF6.7 2008
100 1 _aOchoa Jiménez, Manuel de Jesús
_940249
245 1 0 _aCurso de introducción a la Licenciatura en Educación Plan 94 :
_bversión 2008 /
_cManuel de Jesús Ochoa Jiménez, Lauro Herrera López, Eréndira Santiago Domínguez.
260 _aMéxico :
_bUPN,
_c2008.
300 _a106 p. :
_bcuadros
650 4 _aMAESTROS -
_xFORMACION PROFESIONAL -
_zOAXACA
_9808
700 1 _aHerrera López, Lauro,
_ecoaut.
700 1 _aSantiago Domínguez, Eréndira,
_ecoaut.
905 _aLibro
999 _c162721
_d162721